Imigrace jako hrozba i příležitost současné Europy
Migrácia ako fenomén, ktorý je významným znakom globalizácie. Imigrácia - jedna z aktuálnych tém verejného života. Migranti potrebujú Európnu, ale Európa tiež potrebuje migrantov. Kritika tohoto názoru z pohľadu súčasných problémov v súžití menšín a majorít v západnej Európe. Nové krajiny v EÚ a otá...
Salvato in:
| Autore principale: | |
|---|---|
| Natura: | Capitolo di libro |
| Lingua: | ceco |
| Soggetti: | |
| Tags: |
Nessun Tag, puoi essere il primo ad aggiungerne!!
|
MARC
| LEADER | 00000naa$a2200000$$$4500 | ||
|---|---|---|---|
| 001 | 0038333 | ||
| 005 | 20221207105141.3 | ||
| 041 | 0 | |a cze | |
| 044 | |a SK | ||
| 245 | 1 | 0 | |a Imigrace jako hrozba i příležitost současné Europy |c Salim Murad |
| 520 | |a Migrácia ako fenomén, ktorý je významným znakom globalizácie. Imigrácia - jedna z aktuálnych tém verejného života. Migranti potrebujú Európnu, ale Európa tiež potrebuje migrantov. Kritika tohoto názoru z pohľadu súčasných problémov v súžití menšín a majorít v západnej Európe. Nové krajiny v EÚ a otázka migrácie. | ||
| 610 | 2 | 0 | |a globalizácia |
| 610 | 2 | 0 | |a migrácia |
| 610 | 2 | 0 | |a imigrácia |
| 610 | 2 | 0 | |a Európa |
| 100 | 1 | |a Murad, Salim | |